000 00503nam a2200169 a 4500
005 20140412111229.0
008 020411s19uu xx 00 eng d
020 _a0-7214-1540-7
050 _aER
_bTh32 1993
245 _aThe three Billy goats gruff /
_cillustrated by Chris Russell.
260 _aLeicestershire, UK :
_bLadybird Books Ltd,
_c1993.
300 _a1 v. (unp.) ; ill.
440 _aFavourite Tales
650 _aGoats
_xFiction
650 _aChildren stories
_xFiction
999 _c102119
_d102119